书目信息 |
| 题名: |
100名生态建筑师的1000个设计技巧
|
|
| 作者: | 塞拉茨 编著 ;刘思辰 , 杨屹天 译 | |
| 分册: | ||
| 出版信息: | 北京 电子工业出版社 2015.05 |
|
| 页数: | 319页 | |
| 开本: | 23cm | |
| 丛书名: | ||
| 单 册: | ||
| 中图分类: | TU18 | |
| 科图分类: | ||
| 主题词: | 生态建筑--建筑设计 | |
| 电子资源: | ||
| ISBN: | 978-7-121-25939-5 | |
| 000 | 01671nam0 2200289 450 | |
| 001 | 1115 | |
| 005 | 20161008084021.90 | |
| 010 | @a978-7-121-25939-5@b平装@dCNY118.00 | |
| 100 | @a20150605d2015 em y0chiy50 ea | |
| 101 | 1 | @achi@cspa |
| 102 | @aCN@b110000 | |
| 105 | @aa z 000yy | |
| 200 | 1 | @a100名生态建筑师的1000个设计技巧@9100 ming sheng tai jian zhu shi de 1000 ge she ji ji qiao@e来自世界顶级生态建筑公司的可持续建筑指南@f(西)Marta Serrats编著@g刘思辰,杨屹天译 |
| 210 | @a北京@c电子工业出版社@d2015.05 | |
| 215 | @a319页@c图,照片@d23cm | |
| 305 | @a由Loft Publications公司,通过姚氏顾问社授权出版 | |
| 312 | @a书名原文:1000 tips by 100 eco architects: guidelines on sustainable architecture from the world's leading eco-architecture firms | |
| 330 | @a本书涉及的100名建筑师展现了负责任建筑的主要指导方针。在参与的建筑师中间,有的人简要介绍了应用于自家项目的基本生态和绿色标准;有的人通过使用基本概念,阐释了健康住宅的建筑施工过程,有绿色、可再生的材料,有使用太阳能、地热能和自然光供热的设施;还有的人热衷于描述项目,从他们的个人经验出发,推广新材料的用途或策略,从而建造自给自足型建筑。 | |
| 510 | 1 | @a1000 tips by 100 eco architects@eguidelines on sustainable architecture from the world's leading eco-architecture firms@zeng |
| 517 | 1 | @a来自世界顶级生态建筑公司的可持续建筑指南@9lai zi shi jie ding ji sheng tai jian zhu gong si de ke chi xu jian zhu zhi nan |
| 606 | 0 | @a生态建筑@x建筑设计 |
| 690 | @aTU18@v5 | |
| 701 | 0 | @a塞拉茨@9sai la ci@c(西)@c(女,Serrats, Marta)@4编著 |
| 702 | 0 | @a刘思辰@9liu si chen@4译 |
| 702 | 0 | @a杨屹天@9yang yi tian@4译 |
| 801 | 0 | @aCN@b唐山师范学院图书馆@c20160830 |
| 905 | @aZUCC@dTU18@e846 | |
| 100名生态建筑师的1000个设计技巧:来自世界顶级生态建筑公司的可持续建筑指南/(西)Marta Serrats编著/刘思辰,杨屹天译.-北京:电子工业出版社,2015.05 |
| 319页:图,照片;23cm |
| ISBN 978-7-121-25939-5(平装):CNY118.00 |
| 本书涉及的100名建筑师展现了负责任建筑的主要指导方针。在参与的建筑师中间,有的人简要介绍了应用于自家项目的基本生态和绿色标准;有的人通过使用基本概念,阐释了健康住宅的建筑施工过程,有绿色、可再生的材料,有使用太阳能、地热能和自然光供热的设施;还有的人热衷于描述项目,从他们的个人经验出发,推广新材料的用途或策略,从而建造自给自足型建筑。 |
| ● |
| 相关链接 |
|
|
|
|
正题名:100名生态建筑师的1000个设计技巧
索取号:TU18/846
 
预约/预借
| 序号 | 登录号 | 条形码 | 馆藏地/架位号 | 状态 | 备注 |
| 1 | 906954 | 209069540 | 第二样本阅览室/ [索取号:TU18/846] | 在馆 | |
| 2 | 906955 | 209069559 | 第三借阅区/ [索取号:TU18/846] | 在馆 | |
| 3 | 906956 | 209069568 | 第三借阅区/ [索取号:TU18/846] | 在馆 | |
| 4 | 906957 | 209069577 | 第三借阅区/ [索取号:TU18/846] | 在馆 |